Countries starting with C - Statistics

General Stats
  • This quiz has been taken 16 times
  • The average score is 13 of 18
Answer Stats
Country % Correct
C Canada
100%
C Czech Republic
88%
C Central African Republic
81%
C Chad
81%
C Chile
81%
C China
81%
C Costa Rica
81%
C Croatia
81%
C Cuba
81%
C Cambodia
75%
C Cameroon
75%
C Colombia
75%
C Comoros
69%
C Cyprus
69%
C Democratic Republic of the Congo
69%
C Republic of the Congo
69%
C Cabo Verde
44%
C Côte d'Ivoire
38%
No matching quizzes found
Score Distribution
Percent of People with Each Score
Percentile by Number Answered
Your Score History
You have not taken this quiz